| 000 | 00557nam a2200181Ia 4500 | ||
|---|---|---|---|
| 008 | 170918s9999 xx 000 0 und d | ||
| 020 | _a9788120749122 | ||
| 050 | _bB918 2005 | ||
| 100 | _aBucan, Simon | ||
| 245 | 4 | _aThe illustrated book of Aesop's fables / | |
| 245 | _cSimona Bucan ; illustrated by Germano Ovani, Daniela Pellegrini and Manuela Cenci. | ||
| 260 | _aNew Delhi, India : | ||
| 260 | _bSterling Publishers Private Limited, | ||
| 260 | _c2005 | ||
| 300 | _a125 pages : | ||
| 300 | _bchiefly colored illustration ; | ||
| 300 | _c28cm. | ||
| 999 |
_c344318 _d344318 |
||